Plus longs cours d'eau du Gers sur une carte - Statistiques

Statistiques générales
  • Ce quiz a été pris 21 fois
  • Le résultat moyen est 7 sur 21
Réponses sur la Carte
Les réponses sont colorées sur une échelle allant du rouge au vert en fonction du pourcentage des utilisateurs qui les ont devinées à leur premier essai. Vous pouvez retrouver ces pourcentages ci-dessous.
 
Statistiques - réponses
Longueur (en km) Cours d'eau % Correct
175,4 Gers
83%
308,3 Adour
67%
187,6 Baïse
56%
135,7 Gimone
56%
123,6 Douze
44%
131 Arrats
39%
130,2 Arros
39%
148,4 Save
39%
52,1 Gesse
33%
108 Midour
33%
120,3 Osse
33%
74,8 Petite Baïse
33%
62,5 Bouès
22%
56,2 Léez
22%
62,4 Auroue
17%
55,7 Auvignon
17%
74,2 Auzoue
17%
73,8 Canal d'Alaric
17%
92 Gélise
17%
67 Canal de Monlaur
11%
52,1 Estampon
6%
Aucun quiz correspondant
Distribution des résultats
% des personnes avec chaque résultat
Percentile par nombre de réponses
Votre historique - résultats
Vous n’avez pas pris ce quiz